01431nam a2200265 a 450000100100000000500170001000800410002702000180006804000250008608200190011110000260013024500870015626000770024330000300032050000460035059000280039670000310042491000390045595201320049495201320062695201320075895201260089095201320101699900170114800001713220200929165030.0100318s2008 dr c 000 0 spa d a9789945420494 aDO-SdBNPbspacBNPHU aRD861.5bR459s1 aReyna, Renania93773310aSueños de mujer al desnudo /cRenania Reyna ; presentación Lissette Ramírez. aSanto Domingo :bEditora NacionalbÁngeles de FierrobNacional,c2008. a58 p. :bretrs. ;c21 cm. aIncluye datos biográficos de la autora. aInventariado, 2019 / DG1 aRamírez, Lissette937730 aValidado. Control de calidad BNPHU 001054708DSaGRbGRcHDd2010-03-18iLF1l0oRD861.5 R459sp17132-30r2020-06-25te. 3w2020-06-25yLFDSZPréstamo en sala 001054708DSaGRbGRcHDd2012-11-12iLF1l0oRD861.5 R459sp17132-40r2020-06-25te. 4w2020-06-25yLFDSZPréstamo en sala 001054708DSaGRbGRcHDd2012-11-12iLF1l0oRD861.5 R459sp17132-50r2020-06-25te. 5w2020-06-25yLFDSZPréstamo en sala 001054708PDaPDbPDcHDd2010-03-18iLF1l0oRD861.5 R459sp17132-10r2020-06-25w2020-06-25yLFPDZPréstamo en sala 001054728PDaPDbPDcHDd2010-03-18iLF1l0oRD861.5 R459sp17132-20r2020-06-25te. 2w2020-06-25yLFPDZPréstamo en sala c16658d16658